A quelle date ce droit à-t-il été accordé aux femmes ? (en france) - Statistiques

Statistiques générales
  • Ce quiz a été pris 114 fois
  • Le résultat moyen est 6 sur 10
Statistiques - réponses
Question Réponse % Correct
Le droit de vote 21 avril 1944
91%
L'avortement 17 janvier 1975
86%
Le remboursement de la contraception 1974
68%
Porter un pantalon 31 janvier 2013
68%
porter plainte pour viol conjugal 1990
64%
droit à avoir un compte banquaire 1965
50%
La contraception 1967
36%
L’accès aux grandes écoles 1972
36%
accès à la PMA pour toutes les femmes 29 septembre 2021
32%
Être avocate 1900
27%
Aucun quiz correspondant
Distribution des résultats
% des personnes avec chaque résultat
Percentile par nombre de réponses
Votre historique - résultats
Vous n’avez pas pris ce quiz